LIBRARY & INFORMATION CENTRE, KCAET, TAVANUR

ONLINE PUBLIC ACCESS CATALOGUE (OPAC)

How to prepare for verbal ability and reading comprehension for CAT (Record no. 17689)

MARC details
000 -LEADER
fixed length control field 00440nam a22001697a 4500
003 - CONTROL NUMBER IDENTIFIER
control field OSt
008 - FIXED-LENGTH DATA ELEMENTS--GENERAL INFORMATION
fixed length control field 230509b |||||||| |||| 00| 0 eng d
041 ## - LANGUAGE CODE
Language code of text/sound track or separate title eng
082 ## - DEWEY DECIMAL CLASSIFICATION NUMBER
Classification number 658.0076
Item number SHA/HO
100 ## - MAIN ENTRY--AUTHOR NAME
Personal name Sharma, Arun
100 ## - MAIN ENTRY--AUTHOR NAME
Personal name Meenakshi upadhyay
245 ## - TITLE STATEMENT
Title How to prepare for verbal ability and reading comprehension for CAT
250 ## - EDITION STATEMENT
Edition statement 10th
260 ## - PUBLICATION, DISTRIBUTION, ETC. (IMPRINT)
Place of publication Chennai
Year of publication 2022
300 ## - PHYSICAL DESCRIPTION
Number of Pages 831
942 ## - ADDED ENTRY ELEMENTS (KOHA)
Koha item type Books
260 ## - PUBLICATION, DISTRIBUTION, ETC. (IMPRINT)
-- Mcgraw hill
Holdings
Withdrawn status Lost status Damaged status Collection code Home library Current library Shelving location Date acquired Source of acquisition Cost, normal purchase price Full call number Accession Number Koha item type
      General Books KAUAET KAUAET General Stacks 24/03/2023 Aman book stall,calicut 965.00 658.0076 SHA/HO 26164 Books
free website counter